Greek Celebrities Quiz Stats

Quiz not verified by Sporcle

Challenge
Share
Tweet
Embed
Score 0/21 Timer 10:00
0 Plays Today
Celebrity Greek Organization % Correct
Katie CouricDelta Delta Delta
67%
Brad PittSigma Chi
66%
Lucy LiuChi Omega
63.1%
Condoleezza RiceAlpha Chi Omega
57.4%
Ashley JuddKappa Kappa Gamma
57.3%
Julia Louis-Dreyfus Delta Gamma
56.4%
Sheryl CrowKappa Alpha Theta
50.7%
Nick LacheySigma Alpha Epsilon
49.9%
Jennifer GarnerPi Beta Phi
48.6%
Nancy GraceAlpha Delta Pi
47.7%
Tim McGrawPi Kappa Alpha
46.9%
Celebrity Greek Organization % Correct
Mike PosnerSigma Nu
43.3%
Will FerrellDelta Tau Delta
43%
Carrie UnderwoodSigma Sigma Sigma
42.7%
Kenny ChesneyLambda Chi Alpha
37.7%
Ashton KutcherDelta Chi
31.5%
George W. BushDelta Kappa Epsilon
28.2%
Tony RomoSigma Pi
28.2%
Zach BraffPhi Kappa Psi
20.9%
David CookPhi Sigma Kappa
11.8%
Garth BrooksAlpha Gamma Rho
10.5%

You're not logged in!

Compare scores with friends on all Sporcle quizzes.
Join for Free
OR
Log In

Show Comments

Extras

Top Quizzes Today


Score Distribution

Your Account Isn't Verified!

In order to create a playlist on Sporcle, you need to verify the email address you used during registration. Go to your Sporcle Settings to finish the process.

Report this User

Report this user for behavior that violates our Community Guidelines.

Details: